Văn học dân gian Châu Á

Uloženo v:
Podrobná bibliografie
Další autoři: Nguyễn Văn Sỹ (Dịch), Hoàng Túy (Dịch), Đinh Thế Lộc (Dịch), Trịnh Thị Diệu (Dịch), Hoàng Thùy Dương (Dịch)
Médium: Kniha
Jazyk:Vietnamese
Vydáno: H. Văn học 2002
Trung tâm Văn hoá Ngôn ngữ Đông Tây
Edice:Văn học cổ điển nước ngoài. Văn học Châu á
Témata:
Tagy: Přidat tag
Žádné tagy, Buďte první, kdo otaguje tento záznam!
Thư viện lưu trữ: Mạng thư viện Đại học Đà Nẵng
LEADER 01510nam a2200433 4500
001 000004110
003 240
005 20121211001250.0
008 110715s2002 viesd
020 |c 52000 
041 0 |a vie 
082 |a 895  |b VAN 
245 0 |a Văn học dân gian Châu Á  |c Người dịch: Nguyễn Văn Sỹ, Hoàng Tuý, Đinh Thế Lộc.. 
260 |a H.  |b Văn học 
260 |b Trung tâm Văn hoá Ngôn ngữ Đông Tây  |c 2002 
300 |a 503 tr  |b 21 cm 
490 |a Văn học cổ điển nước ngoài. Văn học Châu á 
500 |a Dịch từ nguyên bản tiếng Anh: Asean Folk Literature 
653 |a Thần thoại 
653 |a Châu á 
653 |a Truyền thuyết 
653 |a Truyện dân gian 
653 |a Văn học dân gian 
700 |a Nguyễn Văn Sỹ  |e Dịch 
700 |a Hoàng Túy  |e Dịch 
700 |a Đinh Thế Lộc  |e Dịch 
700 |a Trịnh Thị Diệu  |e Dịch 
700 |a Hoàng Thùy Dương  |e Dịch 
910 |a Nguyễn Thị Kim Oanh  |d 15/ 07/ 2011 
OWN |a LSP 
AVA |a UDN50  |b LSP  |d 895 VAN  |e available  |t Error 5001 Not defined in file expand_doc_bib_avail.  |f 8  |g 0  |h N  |i 0  |k 1 
999 |a From the UDN01 
AVA |a UDN50  |b LSP  |d 895 VAN  |e available  |t Error 5001 Not defined in file expand_doc_bib_avail.  |f 8  |g 0  |h N  |i 0  |k 1 
TYP |a Monograph 
TYP |a Printed language 
980 |a Mạng thư viện Đại học Đà Nẵng